000 00660nam a2200229Ia 4500
003 OSt
005 20220918215158.0
006 a|||||r|||| 00| 0
007 ta
008 220917b |||||||| |||| 00| 0 eng d
024 _a140,340
037 _cTextual
040 _aARTS
_cARTS
_beng
041 _2eng
_aeng
082 _aY1:3:1, J5(Y1);3-;4(YI)-;5(YI7D)-;6
100 _aHerskovits M F
_9133450
245 0 _aCultural anthropology
_b An abridged revision of man and his works
260 _c1955
650 _aSOCIOLOGY
942 _hY1:3:1, J5(Y1);3-;4(YI)-;5(YI7D)-;6
_cTEXL
_2CC
999 _c263316
_d263316